1390 1827 1895 1575 1788 1185 1868 1783 1762 1243 1674 1951 1070 1638 1152 1323 1238 1761 1595 1744 1495 1661 1080 1011 1880 1154 1454 1720 1480 1849 1538 1175 1320 1910 1271 1298 1581 1128 1403 1503 1394 1838 1762 1373 1916 1875 1393 1229 1987 1629 1792 1022 1887 1034 1290 1573 1194 1532 1969 1197 1126 1338 1122 1234 1707 1366 1791 1871 1540 1968 1442 1514 1952 1592 1952 1804 1862 1599 1709 1092 1696 1914 1847 1164 1690 1216 1673 1769 1777 1544 1150 1808 1488 1996 1239 1613 1547 1423 1311 BCNSPRNW ULIB Ver.6.0+V

เปลี่ยนเป็นภาษาไทย

Change to English
 แสดงรายละเอียดบรรณานุกรม
  กลับหน้าหลัก

Brief Record : Get Marc (ISO 2709) : E-mail record : QR code < ปิดหน้าต่าง
LEADER : 00000nam 2200000uu 4500
001    13399108872
003     ULIB
008    110315s2552||||th 000 0 tha d
020    9876111100945
060  4 WY100^bพ969ก 2552
100 0  ไพทูรย์ มาผิว
245 00 การประยุกต์ใช้ทฤษฎีระบบของนิวแมน:ในการพยาบาลผู้ป่วยปวดหลังส่วนล่าง/^cไพทูรย์ มาผิว
250    พิมพ์ครั้งที่ 2
260    อุตรดิตถ์:^bวิทยาลัยพยาบาลบรมราชชนนี อุตรดิตถ์,^c2552
300    119 หน้า :^ภาพประกอบ
650  7 ผู้ป่วยปวดหลัง
945    ^p150^l0^i025706
995    ทศพร
999 ^a ใช้งานได้ทุกระบบ
รายการนี้ยังไม่มีแท็ก
คุณยังไม่ได้ล็อกอิน คุณสามารถมีกิจกรรมร่วมกับเว็บไซต์ได้ แต่ต้องล็อกอินก่อน ::
  ล็อกอิน

รายการสื่อสารสนเทศ

ลำดับที่ ประเภท เลขเรียก/บาร์โค้ด สถานที่ สถานะ
- ไม่พบข้อมูล -

BibComment


ยังไม่เคยถูกคอมเมนท์

คอมเมนท์ทรัพยากรรายการนี้
  คอมเมนท์: การประยุกต์ใช้ทฤษ..


 Copyright 2026. Bcnsprnw @Library